Australian Potluck #1 - Statistics

General Stats
  • This quiz has been taken 14 times
  • The average score is 11 of 15
Answer Stats
Question Answer % Correct
Which European power was Australia's overlord? British Empire
100%
Which city is the Australian Capital? Canberra
100%
Which atomic element's symbol is the same as Australia's URL address, .au? Gold
93%
Which Australian State has the largest population? New South Wales
93%
What animal killed Steve Erwin? (Sorry too soon) Sting Ray
93%
Which Australian Prime Minister served first? John Howard
86%
Which is the current Australian Prime Minister? (As of August 2019) Scot Morrison
86%
Which year did Australia federate? 1901
79%
Which Australian State or Territory has the Northern Most point? Queensland
79%
Which Australian coast was found first by Europeans? West
57%
Which of these products does Australia NOT produce the most? Apricots
50%
Which meat is consumed the most in Australia? Chicken
50%
Which modern sovereign country was NOT governed by Australia in the 1930s? East Timor
43%
How many British Kings/Queens has Australia had? (Since 1788) 9
29%
Which beer is consumed the most in Australia? Carlton Draught
14%
No matching quizzes found
Score Distribution
Percent of People with Each Score
Percentile by Number Answered
Your Score History
You have not taken this quiz